000
00221 a2200097 4500
001
37788
100
_a
Hannam K
245
_a
Worlds of design realms of power
260
_a
G B
_b
Edward Arnold
_c
090
_c
23981
_d
23981
942
_a
NUST-CAE
_c
M
_c
15537
999
_c
272861
_d
272861